| 000 | 01023nam a2200253Ia 4500 | ||
|---|---|---|---|
| 003 | OSt | ||
| 005 | 20250627123222.0 | ||
| 008 | 191128s2006 ck a er 000 p spa d | ||
| 020 | _a9789587140026 | ||
| 040 |
_aCO-JMCR _cCO-JMCR |
||
| 041 | _aspa | ||
| 082 |
_aA-P _bDICp |
||
| 100 | 1 |
_aDickinson, Emily, _d1830-1886 _eautora _98772 |
|
| 245 | 1 | 0 |
_aPoemas selectos / _cEmily Dickinson ; Traductor José Manuel Arango |
| 250 | _aveinteava edición | ||
| 260 |
_aMedellín : _bUniversidad de Antioquia, _c2006 |
||
| 300 |
_b ilustraciones a color ; _a90 páginas : _c16 cm. |
||
| 500 | _aEdición bilingüe | ||
| 505 | _aLas mañanas son ahora más suaves -- Es todo lo que hoy tengo -- Las guirnaldas son para las reinas -- Nadie conoce esta menuda rosa -- Salvo dos veces nunca perdí tanto -- Nuestras vidas son Suizas -- Nuevos pies corretean mi jardín | ||
| 650 | 1 | 4 |
_aPoesía Estadounidense _98773 |
| 700 |
_aJuan José hoyos, _ePrologista _98774 |
||
| 700 |
_aVicky Paz, _eilustradora _98775 |
||
| 942 |
_2ddc _cBK |
||
| 999 |
_c4074 _d4074 |
||